| 000 | 00992cam a2200325Ia 4500 | ||
|---|---|---|---|
| 001 | 85938 | ||
| 005 | 20230410115520.0 | ||
| 008 | 090616s2008 sp ac b 001 0 spa d | ||
| 035 | _a(OCoLC)ocn401291263 | ||
| 040 |
_aOKU _cOKU _dOKU |
||
| 020 | _a9788493616212 | ||
| 020 | _a8493616214 | ||
| 035 | _a(OCoLC)401291263 | ||
| 041 | 1 |
_aspa _heng |
|
| 050 | 1 | 4 |
_aHD30.5 _bW945h 2008 |
| 100 | 1 | _aWren, Daniel A. | |
| 240 | 1 | 0 |
_aHistory of management thought. _lSpanish |
| 245 | 1 | 0 |
_aHistoria de la gestion / _cDaniel A. Wren ; traduccion Nuria Nieto. |
| 250 | _a1a ed. | ||
| 260 |
_aBarcelona : _bBelloch, _c2008. |
||
| 300 |
_a627 p. : _bill. (some col.), ports. ; _c24 cm. |
||
| 500 | _aOriginally published as The history of management thought, 5th ed. | ||
| 500 | _a"Esade Fondo"--Cover. | ||
| 504 | _aIncludes bibliographical references and index. | ||
| 650 | 0 |
_aManagement _xHistory. |
|
| 700 | 1 | _aNieto, Nuria. | |
| 942 |
_2lcc _cbk |
||
| 994 |
_aC0 _bDRFGD |
||
| 946 | _aAAG | ||
| 999 |
_c42718 _d42718 |
||